Statistics for Monotype Pokemon

Click here to take the quiz!

General Stats

  • This quiz has been taken 1,802 times
    (1,686 since last reset)
  • The average score is 217 of 371

Answer Stats

TypeAnswer% Correct
BugCaterpie
92%
BugMetapod
90%
FireCharmander
87%
ElectricPikachu
87%
FireCharmeleon
86%
ElectricRaichu
86%
FireFlareon
84%
WaterSquirtle
84%
DarkUmbreon
83%
ElectricJolteon
82%
WaterWartortle
82%
WaterBlastoise
81%
FightingMachoke
81%
ElectricPichu
81%
FireCyndaquil
80%
DragonDratini
80%
ElectricElectabuzz
80%
FightingMachamp
80%
FightingMachop
80%
WaterVaporeon
80%
GrassChikorita
79%
DragonDragonair
79%
FightingHitmonchan
79%
FightingHitmonlee
79%
FireMagmar
79%
FireQuilava
79%
FairySylveon
79%
PsychicAbra
78%
PsychicAlakazam
78%
GrassBayleef
78%
FairyClefairy
78%
NormalEevee
78%
ElectricElekid
78%
IceGlaceon
78%
PsychicKadabra
78%
GrassLeafeon
78%
GrassMeganium
78%
FireTyphlosion
78%
FairyClefable
77%
PsychicEspeon
77%
FightingHitmontop
77%
FireMagby
77%
PsychicMew
77%
FireTorchic
77%
FireArcanine
76%
FireGrowlithe
76%
PsychicMewtwo
76%
GrassTreecko
76%
WaterMagikarp
75%
GrassSceptile
75%
WaterTotodile
75%
FightingTyrogue
75%
FireChimchar
74%
ElectricElectrode
74%
GrassGrovyle
74%
FireMagmortar
74%
BugPinsir
74%
FirePonyta
74%
NormalRattata
74%
PoisonArbok
73%
WaterCroconaw
73%
PoisonEkans
73%
WaterFeraligatr
73%
FireNinetales
73%
FireRapidash
73%
NormalRaticate
73%
ElectricVoltorb
73%
FireVulpix
73%
FairyCleffa
72%
FireEntei
72%
PoisonKoffing
72%
PoisonMuk
72%
NormalSnorlax
72%
GrassTurtwig
72%
PoisonWeezing
72%
ElectricElectivire
71%
PoisonGrimer
71%
FightingMankey
71%
GhostMisdreavus
71%
GrassSnivy
71%
FireTepig
71%
NormalChansey
70%
WaterPiplup
70%
FightingPrimeape
70%
ElectricRaikou
70%
NormalTauros
70%
BugWurmple
70%
WaterGoldeen
69%
GhostMismagius
69%
WaterMudkip
69%
GrassSerperior
69%
BugSilcoon
69%
BugCascoon
68%
WaterSeaking
68%
GrassServine
68%
GrassTangela
68%
DragonBagon
67%
NormalBlissey
67%
GhostDusclops
67%
GhostDuskull
67%
GrassGrotle
67%
GhostShuppet
67%
IceSnorunt
67%
WaterSuicune
67%
GhostBanette
66%
IceGlalie
66%
WaterOshawott
66%
ElectricPlusle
66%
IceRegice
66%
NormalZigzagoon
66%
GhostDusknoir
65%
WaterHorsea
65%
NormalLinoone
65%
ElectricManectric
65%
ElectricMinun
65%
WaterPrinplup
65%
GroundSandshrew
65%
WaterSeadra
65%
DragonShelgon
65%
DarkDarkrai
64%
WaterDewott
64%
ElectricElectrike
64%
FireFennekin
64%
NormalMeowth
64%
NormalPersian
64%
RockRegirock
64%
SteelRegisteel
64%
WaterSamurott
64%
GroundSandslash
64%
FlyingTornadus
64%
DragonAxew
63%
GrassChespin
63%
NormalFurret
63%
NormalPorygon
63%
NormalSentret
63%
GroundDiglett
62%
NormalDitto
62%
PsychicDrowzee
62%
DragonDruddigon
62%
GroundGroudon
62%
NormalHappiny
62%
WaterKyogre
62%
DarkMightyena
62%
DarkPoochyena
62%
FightingSawk
62%
ElectricAmpharos
61%
GroundDugtrio
61%
WaterFroakie
61%
DragonHaxorus
61%
PsychicHypno
61%
FightingMakuhita
61%
ElectricMareep
61%
NormalArceus
60%
FightingHariyama
60%
NormalKangaskhan
60%
NormalMiltank
60%
NormalMunchlax
60%
WaterPoliwag
60%
WaterPsyduck
60%
GrassTangrowth
60%
FightingThroh
60%
FireBraixen
59%
ElectricFlaaffy
59%
DragonFraxure
59%
WaterGolduck
59%
WaterPoliwhirl
59%
NormalPorygon2
59%
WaterSeel
59%
FireSlugma
59%
DarkAbsol
58%
PoisonNidoran♂
58%
PoisonNidoran♀
58%
NormalPorygon-Z
58%
NormalRegigigas
58%
ElectricShinx
58%
WaterStaryu
58%
NormalBidoof
57%
WaterFrogadier
57%
ElectricLuxio
57%
ElectricLuxray
57%
PoisonNidorina
57%
PoisonNidorino
57%
ElectricPachirisu
57%
IceBeartic
56%
IceCryogonal
56%
IceCubchoo
56%
DragonGoodra
56%
NormalLickitung
56%
FirePansear
56%
FireSimisear
56%
NormalSlaking
56%
FireTorkoal
56%
FightingConkeldurr
55%
PsychicCresselia
55%
WaterFeebas
55%
DragonGoomy
55%
WaterKingler
55%
WaterKrabby
55%
GrassPansage
55%
GrassQuilladin
55%
WaterShellder
55%
NormalSlakoth
55%
FairyTogepi
55%
FairyXerneas
55%
PsychicAzelf
54%
FairyGranbull
54%
FightingGurdurr
54%
WaterMilotic
54%
GrassSimisage
54%
FightingTimburr
54%
PsychicUxie
54%
NormalVigoroth
54%
BugBurmy
53%
PsychicMesprit
53%
WaterPolitoed
53%
DragonSliggoo
53%
FairySnubbull
53%
ElectricTynamo
53%
ElectricZebstrika
53%
IceAvalugg
52%
GrassBellossom
52%
ElectricBlitzle
52%
GroundCubone
52%
ElectricEelektross
52%
BugIllumise
52%
BugKricketot
52%
BugKricketune
52%
NormalLillipup
52%
WaterPanpour
52%
NormalPatrat
52%
WaterSimipour
52%
NormalSmeargle
52%
IceVanillite
52%
IceVanilluxe
52%
BugVolbeat
52%
NormalWatchog
52%
FairyAromatisse
51%
FairyFlabébé
51%
NormalHerdier
51%
GroundMarowak
51%
DarkPurrloin
51%
BugScatterbug
51%
PoisonSeviper
51%
FairySlurpuff
51%
NormalStantler
51%
NormalStoutland
51%
GrassSunkern
51%
PsychicUnown
51%
IceVanillish
51%
IceBergmite
50%
PsychicDeoxys
50%
ElectricEelektrik
50%
SteelKlang
50%
SteelKlink
50%
DarkLiepard
50%
WaterLuvdisc
50%
FightingRiolu
50%
GrassSeedot
50%
GrassShaymin
50%
BugSpewpa
50%
FairySpritzee
50%
GrassSunflora
50%
FairySwirlix
50%
WaterWailmer
50%
WaterWailord
50%
GhostYamask
50%
NormalZangoose
50%
GhostCofagrigus
49%
FairyFlorges
49%
SteelKlinklang
49%
NormalLickilicky
49%
RockSudowoodo
49%
RockBoldore
48%
WaterClamperl
48%
PsychicDuosion
48%
FairyFloette
48%
RockGigalith
48%
FightingMienfoo
48%
FightingMienshao
48%
RockRoggenrola
48%
PsychicSolosis
48%
NormalUrsaring
48%
NormalCastform
47%
WaterGorebyss
47%
PsychicGothita
47%
PsychicGothitelle
47%
PsychicGothorita
47%
WaterHuntail
47%
WaterManaphy
47%
WaterOctillery
47%
WaterPhione
47%
BugPineco
47%
WaterRemoraid
47%
PsychicReuniclus
47%
NormalTeddiursa
47%
PsychicWobbuffet
47%
WaterBuizel
46%
GrassCherrim
46%
GrassCherubi
46%
FireDarmanitan
46%
FireDarumaka
46%
NormalDunsparce
46%
NormalExploud
46%
WaterFinneon
46%
FireHeatmor
46%
NormalKecleon
46%
NormalLoudred
46%
WaterLumineon
46%
RockNosepass
46%
NormalWhismur
46%
PsychicWynaut
46%
NormalAipom
45%
WaterBasculin
45%
RockBonsly
45%
NormalBuneary
45%
NormalDelcatty
45%
GroundDonphan
45%
WaterFloatzel
45%
NormalLopunny
45%
GroundPhanpy
45%
NormalSkitty
45%
GroundTrapinch
45%
PoisonGulpin
44%
PsychicMunna
44%
NormalSpinda
44%
PoisonSwalot
44%
PoisonTrubbish
44%
DarkZoroark
44%
DarkZorua
44%
WaterAlomomola
43%
NormalAmbipom
43%
NormalAudino
43%
PoisonGarbodor
43%
GroundHippopotas
43%
GroundHippowdon
43%
GrassLilligant
43%
PsychicMusharna
43%
GrassPetilil
43%
RockRampardos
43%
GrassCarnivine
42%
WaterCorphish
42%
RockCranidos
42%
GrassMaractus
42%
GrassShroomish
42%
NormalBouffalant
41%
BugKarrablast
41%
NormalPurugly
41%
BugShelmet
41%
NormalBunnelby
40%
PsychicChimecho
40%
PsychicChingling
40%
NormalFurfrou
40%
NormalGlameow
40%
GrassGogoat
40%
GrassSkiddo
40%
BugAccelgor
39%
GrassCacnea
39%
PsychicEspurr
39%
PsychicMeowstic
39%
FightingPancham
38%
WaterClauncher
37%
WaterClawitzer
37%
GroundDrilbur
37%
PsychicSpoink
37%
NormalCinccino
36%
PsychicGrumpig
36%
NormalMinccino
36%
PsychicBeheeyem
35%
PsychicElgyem
35%
WaterTympole
35%
WaterShellos
34%

Score Distribution

Percentile by Number Answered

Percent of People with Each Score

Your Score History

You have not taken this quiz since the last reset